Skip to main content
Your cart is empty.
Your lists
Log in to create your own lists
Your cookies
العربية
English
العربية
Home
Search
Advanced search
Authority search
About
The noble scholar, jurist, historian
His Excellency Dr. Abdul Wahhab bin Ibrahim Abu Sulaiman, may Allah have mercy on him.
He was born in Umm Al-Qura in the year 1356 AH.
Library catalog
Title
Author
Subject
ISBN
ISSN
Series
Call number
Log in to your account
×
Login:
Password:
Home
MARC view: كتاب التذكرة لمعرفة رجال الكتب العشرة /
Normal view
MARC view
ISBD view
كتاب التذكرة لمعرفة رجال الكتب العشرة / (Record no. 8754)
[
view plain
]
MARC details
000 -LEADER
fixed length control field
01159cam a2200265 i 4500
003 - CONTROL NUMBER IDENTIFIER
control field
SA-RiAUC
005 - DATE AND TIME OF LATEST TRANSACTION
control field
20250609101652.0
008 - FIXED-LENGTH DATA ELEMENTS--GENERAL INFORMATION
fixed length control field
250609s1997 ua g 000 0dara c
040 ## - CATALOGING SOURCE
Original cataloging agency
JO-AmJU
Language of cataloging
ara
Transcribing agency
SA-RiAUC
Description conventions
rda
082 04 - DEWEY DECIMAL CLASSIFICATION NUMBER
Classification number
234.6
090 ## - LOCALLY ASSIGNED LC-TYPE CALL NUMBER (OCLC); LOCAL CALL NUMBER (RLIN)
Classification number (OCLC) (R) ; Classification number, CALL (RLIN) (NR)
234.6
Local cutter number (OCLC) ; Book number/undivided call number, CALL (RLIN)
ا ب ن ح
100 1# - MAIN ENTRY--PERSONAL NAME
Personal name
ابن حمزة الحسيني، محمد بن علي بن الحسن،
Dates associated with a name
715-765 هجري
Relator term
مؤلف.
245 10 - TITLE STATEMENT
Title
كتاب التذكرة لمعرفة رجال الكتب العشرة /
Statement of responsibility, etc.
أبو المحاسن محمد بن علي الحسيني ؛ تحقيق رفعت فوزي عبد المطلب.
246 33 - VARYING FORM OF TITLE
Title proper/short title
التذكرة لمعرفة رجال الكتب العشرة
264 #1 - PRODUCTION, PUBLICATION, DISTRIBUTION, MANUFACTURE, AND COPYRIGHT NOTICE
Place of production, publication, distribution, manufacture
القاهرة :
Name of producer, publisher, distributor, manufacturer
مكتبة الخانجي،
Date of production, publication, distribution, manufacture, or copyright notice
1997
300 ## - PHYSICAL DESCRIPTION
Extent
مجلد
336 ## - CONTENT TYPE
Content type term
نص
Content type code
txt
Source
rdacontent
Materials specified
كتاب
337 ## - MEDIA TYPE
Media type term
بدون وسيط
Media type code
n
Source
rdamedia
338 ## - CARRIER TYPE
Carrier type term
مجلد
Carrier type code
nc
Source
rdacarrier
650 #7 - SUBJECT ADDED ENTRY--TOPICAL TERM
Topical term or geographic name entry element
الحديث
General subdivision
تراجم الرواة
Source of heading or term
aucsh
650 #7 - SUBJECT ADDED ENTRY--TOPICAL TERM
Topical term or geographic name entry element
الحديث
General subdivision
الجرح والتعديل
Source of heading or term
aucsh
700 1# - ADDED ENTRY--PERSONAL NAME
Personal name
عبد المطلب، رفعت فوزي،
Dates associated with a name
1940-
Relator term
محقق.
942 ## - ADDED ENTRY ELEMENTS (KOHA)
Source of classification or shelving scheme
Dewey Decimal Classification
Koha item type
Books
949 ## - LOCAL PROCESSING INFORMATION (OCLC)
a
SA-JeALM
d
250609
u
khaled123
n
1
Holdings
Withdrawn status
Lost status
Source of classification or shelving scheme
Materials specified (bound volume or other part)
Damaged status
Not for loan
Home library
Current library
Date acquired
Total checkouts
Full call number
Barcode
Date last seen
Price effective from
Koha item type
Dewey Decimal Classification
الجزء الأول
DR AbdElwahab Library
DR AbdElwahab Library
06/09/2025
234.6 ا ب ن ح
000014419
06/09/2025
06/09/2025
Books
Dewey Decimal Classification
الجزء الثاني
DR AbdElwahab Library
DR AbdElwahab Library
06/09/2025
234.6 ا ب ن ح
000014420
06/09/2025
06/09/2025
Books
Dewey Decimal Classification
الجزء الثالث
DR AbdElwahab Library
DR AbdElwahab Library
06/09/2025
234.6 ا ب ن ح
000014421
06/09/2025
06/09/2025
Books
Dewey Decimal Classification
الجزء الرابع
DR AbdElwahab Library
DR AbdElwahab Library
06/09/2025
234.6 ا ب ن ح
000014422
06/09/2025
06/09/2025
Books
Place hold
Print
Add to your cart
(remove)
Save record
BIBTEX
Dublin Core
MARCXML
MARC (non-Unicode/MARC-8)
MARC (Unicode/UTF-8)
MARC (Unicode/UTF-8, Standard)
MODS (XML)
RIS
ISBD
More searches
Search for this title in:
Other Libraries (WorldCat)
Other Databases (Google Scholar)
Online Stores (Bookfinder.com)
Open Library (openlibrary.org)
Exporting to Dublin Core...
×
Simple DC-RDF
OAI-DC
SRW-DC